000 00875nam a2200253 i 4500
001 bg
100 1 _aTarczyński, Wiesław.
245 1 0 _aMetody impulsowe w lokalizacji uszkodzeń w liniach elektroenergetycznych /
_cWiesław Tarczyński.
260 _aOpole :
_bOficyna Wydawnicza Politechniki Opolskiej,
_c2006.
300 _a269 s. :
_bil. ;
_c24 cm.
490 1 _aStudia i Monografie / Politechnika Opolska,
_x1429-6063 ;
_vz. 191
504 _aBibliogr. s. 246-258.
546 _aStreszcz. ang.
650 9 _aSieć elektryczna
_xbadanie
_xmetody
650 9 _aTechnika impulsów
_xstosowanie
_xenergetyka
830 0 _aStudia i Monografie - Politechnika Opolska
_x1429-6063
_vz. 191
015 _aPB 13990/2007
040 _cBPK
041 0 _apol
_beng
044 _aPOL
080 _a621.37:621.316
942 _cKS
008 070604s2006 pl a f |000 0 pol
999 _c54066
_d54066
856 _uhttp://koha.tu.koszalin.pl/cgi-bin/koha/opac-detail.pl?biblionumber=54066
_yKatalog online BPK